000 00719nam a2200241 a 4500
001 000021222
003 DO-SdBNP
005 20240516181226.0
008 100902s1995 sp a r 000 | spa d
020 _a8408026364
040 _aDO-SdBNP
_bspa
_cBNPHU
049 _aBNGR
082 _a641.22
_bM971v
100 1 _aMuñoz Ramos, Juan
_944357
245 1 0 _aVinos de España /
_cJuan Muñoz Ramos.
260 _aBarcelona :
_bPlaneta,
_c1995.
300 _a219 p. , :
_bil. ;
_c18 cm.
440 0 _aPrácticas de Booket,
_v310
_944358
500 _aPublicado originalmente como parte integrante de la obra Todos los vinos del mundo
650 4 _aVino
_91898
650 4 _aUvas para vino
_944359
942 _2ddc
_cLBS1
999 _c20723
_d20723